| 000 | 01309namaa22003251i 4500 | ||
|---|---|---|---|
| 003 | EG-GICUC | ||
| 005 | 20260205114634.0 | ||
| 008 | 260205s2008 iq ||||jr|||| 000 0 ara d | ||
| 017 |
_a2008 / 1555 _bالمكتبة القومية (العراق) |
||
| 040 |
_aEG-GiCUC _bara _cEG-GiCUC _dEG-GiCUC _erda |
||
| 082 | 0 | 4 |
_221 _a909.0491597 _bK139 |
| 092 | 0 | 4 |
_221 _a909.0491597 _bK139 |
| 099 | _a909.0491597 K139 2008 | ||
| 100 | 1 |
_aكاكه يى، فلك الدين _eمؤلف. |
|
| 245 | 1 | 2 |
_aالقذافى والقضية الكوردية / _cفلك الدين كاكه يى |
| 250 | _aالطبعة الثالثة | ||
| 264 |
_aكردستان (العراق) : _bدار ئاراس للطباعة والنشر، _c2008. |
||
| 300 |
_a272 : صفحة _bصور، _c24 سم |
||
| 336 |
_2rdacontent _atext |
||
| 337 |
_2rdamedia _aUnmediated |
||
| 338 |
_2rdacarrier _avolume |
||
| 490 | _aالسلسلة الثقافية ؛ | ||
| 504 | _aيشتمل على ارجاعات ببليوجرافية. | ||
| 541 |
_aد. جابر عصفور ؛ _bالقاهرة ؛ _cإهداء ؛ _d2024. |
||
| 600 |
_aالقذافى، معمر محمد عبد السلام _d1942-2011 |
||
| 650 | 1 | 7 |
_aالاكراد _xتاريخ _yالقرن العشرين _2qrmak |
| 651 | 1 | _2qrmak | |
| 905 | _aNermeen | ||
| 942 |
_2ddc _cBK _e21 _n0 |
||
| 999 |
_c178206 _d178206 |
||